| 000 | 01079cam a2200301 a 4500 | ||
|---|---|---|---|
| 999 |
_c94559 _d94559 |
||
| 001 | 13452811 | ||
| 003 | ARRUPE | ||
| 005 | 20170927103801.0 | ||
| 008 | 040108s2002 enk b 001 0 eng | ||
| 010 | _a 2004266792 | ||
| 015 | _aGBA2-V8831 | ||
| 020 | _a0826459935 | ||
| 020 | _a0826459943 (pbk.) | ||
| 035 | _a(OCoLC)ocm50270905 | ||
| 040 |
_aUKM _cUKM _dOCLCQ _dIXA _dDLC |
||
| 042 | _alccopycat | ||
| 050 | 0 | 0 |
_aGN269 _b.P55 2002 |
| 082 | 0 | 0 |
_a305.8/001 _221 |
| 245 | 0 | 0 |
_aPhilosophies of race and ethnicity / _cedited by Peter Osborne and Stella Sandford. |
| 260 |
_aLondon : _aNew York : _bContinuum, _c2002. |
||
| 300 |
_aix, 220 p. ; _c24 cm. |
||
| 504 | _aIncludes bibliographical references and index. | ||
| 650 | 0 |
_aRace _xPhilosophy. _936301 |
|
| 650 | 0 |
_aEthnicity _xPhilosophy. _936302 |
|
| 700 | 1 |
_aOsborne, Peter, _d1958- _936303 |
|
| 700 | 1 |
_aSandford, Stella, _d1966- _9916 |
|
| 906 |
_a7 _bcbc _ccopycat _d2 _encip _f20 _gy-gencatlg |
||
| 942 |
_2lcc _cMONOGRAPH |
||